000 02143cam a22005054i 4500
003 PE-LiUPU
005 20250731165521.0
008 150623s r 000 0 d
020 _a1841270741
035 _a(Sirsi) i9781841270746
040 _aPE-LiUPU
_bspa
_cPE-LiUPU
_erda
049 _aPRUA
082 0 4 _a221.07
_bJ
_221
100 1 _aRose, Wolter H.,
_eautor.
245 1 0 _aZemah and Zerubbabel :
_bmessianic expectations in the early postexilic period /
_cWolter H., Rose.
264 1 _aEngland :
_bSheffield Academic Press,
_c2000.
300 _a285 páginas ;
_c24 centímetros
336 _atext
_2rdacontent
337 _aunmediated
_2rdamedia
338 _avolume
_2rdacarrier
490 0 _aJournal for the study of the Old Testament. Supplement ;
_v304
505 0 _aIntroduction-no king in yehud. Zemah and the priest(s). What's in a name?-the meaning of. A case of mistaken identity-who is zemah?. Visions and oracles-on the origin and composition of Zechariah 3.8-10 and 6.9-15. The two sons of oil who stand by the Lord of the whole earth. Zerubabbel like a seal (Haggai 2:20-23). Conclusions.
526 _aSEG44
526 _aSEG26
526 _aP151
526 _aP150
526 _aP149
526 _aP146
526 _aP145
526 _aP126
526 _aP125
526 _aP92
526 _aP75
526 _aP74
526 _aP27
526 _aP15
630 _aBiblia.
_pA.T.
_pHageo
_xCrítica, interpretación, etc.
630 _aBiblia.
_pA.T.
_pZacarías
_xCrítica, interpretación, etc.
942 _2ddc
_cBOOK
949 _aRC 221.07 J
_wDEWEY
_c1
_i52386
_lCCODEBUL1
_mBUL
_p50.00
_r0
_sY
_tBOOK
_u2015-6-24
_xTEOLOGIA
_PP35
_0COMPRA
_o.CIRCNOTE. No olvidar cambiar la fecha de devolución!!!!!!!
_o.STAFF. Colección General
994 _aC0
_bPEPRU
596 _a1
999 _aRC 221.07 J
_wDEWEY
_c34213
_i52386
_f2021-11-8
_g6
_lCCODEBUL1
_mBUL
_p50.00
_r1
_sY
_tBOOK
_u2015-6-24
_xTEOLOGIA
_PP35
_0COMPRA
_o.CIRCNOTE. No olvidar cambiar la fecha de devolución!!!!!!!
_o.STAFF. Colección General
_d34213
980 _81
_gALBERTO SANCHEZ Responsable de Automatización